Normal view MARC view
  • Elster, Jon,

Entry Nombre Personal

Number of records used in: 9

001 - NUMERO DE CONTROL

  • campo de control: 33812

003 - IDENTIFICADOR DE NUMERO DE CONTROL

  • campo de control: DLC

005 - FECHA Y HORA DE LA ÜLTIMA TRANSACCIÓN

  • campo de control: 20230511145019.0

008 - DATOS DE LONGITUD FIJA

  • campo de control de longitud fija: 230511n| azannaabn |n aaa

010 ## - NÚMERO DE CONTROL DE LA BIBLIOTECA DEL CONGRESO

  • Número de control LC: n 79022962

035 ## - NUMERO DE CONTROL

  • Número de control: (OCoLC)oca00256733

035 ## - NUMERO DE CONTROL

  • Número de control: (CaEvSKY)skya1338668

040 ## - FUENTE DE CATALOGACIÓN

  • Agencia original de catalogación: DLC
  • Lenguaje de catalogación: spa
  • Description conventions: rda
  • Agencia de transcripción: DLC
  • Agencia que lo modifica: DLC
  • Agencia que lo modifica: MoSU
  • Agencia que lo modifica: DLC
  • Agencia que lo modifica: MX-SlUA
  • Agencia que lo modifica: MX-MxUPN

046 ## - FECHAS CON CODIFICACIÓN ESPECIAL

  • Fecha de nacimiento: 19400222

100 1# - ENCABEZAMIENTO - NOMBRE PERSONAL

  • Nombre personal: Elster, Jon,
  • Fechas asociadas con el nombre: 1940-

373 ## - GRUPO ASOCIADO

  • Associated group: Universidad de Chicago
  • Associated group: Instituto de Investigaciones Sociales de Oslo (Oslo, Noruega)
  • Fuente del término: naf

374 ## - OCUPACIÓN

  • Occupation: Profesor universitario
  • Fuente del término: lcsh

375 ## - GÉNERO

  • Gender: masculino

377 ## - LENGUA ASOCIADA

  • Language code: fre

670 ## - FUENTE EN LA QUE SE LOCALIZARON DATOS

  • Cita de la fuente: Essays om Hegel og Marx, 1969.

670 ## - FUENTE EN LA QUE SE LOCALIZARON DATOS

  • Cita de la fuente: De Tocqueville, 2011, ©2011:
  • Información localizada: ECIP portada (Jon Elster; Columbia University) datos vistos (b. Feb. 22, 1940)

670 ## - FUENTE EN LA QUE SE LOCALIZARON DATOS

  • Cita de la fuente: Transitional justice, c2012:
  • Información localizada: portada (Jon Elster) página 4 de la cubierta (Robert K. Merton Professor of Social Sciences at Columbia University)

670 ## - FUENTE EN LA QUE SE LOCALIZARON DATOS

  • Cita de la fuente: Columbia University, Department of Political Science, via WWW, June 20, 2012:
  • Información localizada: link to Faculty page (Jon Elster; Norwegian; received Ph. D. from University of Paris in 1972; taught at Paris, Oslo, and Chicago before coming to Columbia University)

670 ## - FUENTE EN LA QUE SE LOCALIZARON DATOS

  • Cita de la fuente: La ética de las decisiones médicas, 2000:
  • Información localizada: portada (Jon Elster) cubierta posterior (es actualmente profesor de Ciencias Políticas en la Universidad de Chicago y director del Instituto de Investigaciones Sociales de Oslo)

678 ## - DATOS BIOGRÁFICOS O HISTÓRICOS

  • Biographical or historical data: mag. i filosofi

902 ## - CATALOGADOR

  • Catalogador: NDAF/110523